00678nam a2200217 a 450000100060000000300080000600500170001400800410003103500190007204000380009104100080012908200220013724501020015926000460026130000290030750000190033665000170035565000230037265000170039571000480041271774BD-RjUL20211209082147.0170507s1961 waua 001 0 eng d a(BD-RjUL)71990 aDLCcOCdOCoLCdDLCdBD-RjULbeng aeng 223a510bMAT 196110aMathematics for electronics and electricity /cprepared by the staff of National Radio Institute. aNew York :bJ. F. Rider Publisher,cc1961 a250 p. :bill. ;c23 cm. aIncludes index 0aMathematics. 0aElectric circuits. 0aElectronics. aNational Radio Institute (Washington, D.C.)